000 00206 a2200097 4500
001 10478
100 _aShigemitsu, M.
245 _aJapan and her destiny
260 _a
_bHutchinson
_c
090 _c8097
_d8097
942 _aNUST-CAE
_cM
_c34819
999 _c245551
_d245551